A practice-handbook of classified catalogue / (Record no. 63527)

MARC details
000 -LEADER
fixed length control field 00454nam a22001457a 4500
005 - DATE AND TIME OF LATEST TRANSACTION
control field 20180821141419.0
020 ## - INTERNATIONAL STANDARD BOOK NUMBER
International Standard Book Number 8126904828
Terms of availability 695.00
035 ## - SYSTEM CONTROL NUMBER
System control number B-161018, B-161022, B-161022
037 ## - SOURCE OF ACQUISITION
Stock number DPL
Source of stock number/acquisition ENG
100 ## - MAIN ENTRY--PERSONAL NAME
Personal name Sharma, C.K.
245 ## - TITLE STATEMENT
Title A practice-handbook of classified catalogue /
Statement of responsibility, etc by C.K. Sharma
260 ## - PUBLICATION, DISTRIBUTION, ETC. (IMPRINT)
Place of publication, distribution, etc New Delhi
Name of publisher, distributor, etc Atlantic Publishers and Distributors
300 ## - PHYSICAL DESCRIPTION
Extent iii, 369p.
Dimensions 20 cms.
942 ## - ADDED ENTRY ELEMENTS (KOHA)
Source of classification or shelving scheme Dewey Decimal Classification
Item type English Books
Classification part 025.34
Call number suffix SHA
Holdings
Withdrawn status Lost status Not for loan Collection code Home library Current library Date acquired Cost, normal purchase price Full call number Barcode Cost, replacement price Koha item type Source of acquisition
      Non-fiction Sarojini Nagar Sarojini Nagar 27/02/2012 695.00 025.34 SHA B-161018 695.00 English Books  
      Non-fiction Shahdara Branch Shahdara Branch 21/07/2018 695.00 025.34 SHA B-161022 695.00 English Books BPPD/PUB

© Delhi Public Library
Hit Counter
free hit counter